Writing for visual media / (رقم التسجيلة. 23792)
[ عرض عادي ]
| 000 -الفاتح | |
|---|---|
| حقل البيانات ثابتة الطول | 01475cam a2200289 a 4500 |
| 001 - رقم الضبط | |
| رقم الضبط | 465680816 |
| 003 - محدد رقم الضبط | |
| رقم الضبط | OCoLC |
| 005 - وقت وتاريخ اخر تعامل مع التسجيلة | |
| رقم الضبط | 20150408114040.0 |
| 008 - عناصر البيانات ثابتة الطول - معلومات عامة | |
| حقل البيانات ثابتة الطول | 091112s2010 maua b 001 0 eng |
| 010 ## - رقم ضبط مكتبة الكونجرس | |
| رقم ضبط مكتبة الكونجرس | 2009046287 |
| 020 ## - الرقم الدولى المعيارى للكتب | |
| الرقم الدولى المعيارى للكتاب | 9780240812359 |
| شروط الاتاحة | (alk. paper) |
| 020 ## - الرقم الدولى المعيارى للكتب | |
| الرقم الدولى المعيارى للكتاب | 0240812352 |
| شروط الاتاحة | (alk. paper) |
| 035 ## - رقم ضبط النظام | |
| رقم ضبط النظام | (OCoLC)465680816 |
| 040 ## - مصدر الفهرسة | |
| وكالة الفهرسة الأصلية | DLC |
| وكالة النسخ | DLC |
| وكالة التعديل | YDX |
| -- | YDXCP |
| -- | CDX |
| -- | BWX |
| 050 00 - رقم طلب مكتبة الكونجرس | |
| رقم التصنيف | P96.A86 |
| رقم المادة | F75 2010 |
| 082 ## - رقم تصنيف ديوى العشرى | |
| رقم الطبعة | 22 |
| رقم التصنيف | 808.066302 |
| 100 1# - المدخل الرئيسى - إسم شخصى | |
| الإسم الشخصى | Friedmann, Anthony. |
| 9 (RLIN) | 15180 |
| 245 10 - بيان العنوان | |
| العنوان | Writing for visual media / |
| بيان المسئوليه,etc | Anthony Friedmann. |
| 250 ## - بيان الطبعة | |
| بيان الطبعة | 3rd ed. |
| 260 ## - PUBLICATION, DISTRIBUTION, ETC. (IMPRINT) | |
| مكان الناشر او الموزع | Burlington, MA : |
| اسم الناشر او الموزع | Focal Press, |
| تاريخ النشر أو التوزيع | c2010. |
| 300 ## - الوصف المادى | |
| التعداد | xxvii, 399 p. : |
| تفاصيل ماديه اخرى للوعاء | ill. ; |
| أبعاد الوعاء | 24 cm. |
| 504 ## - تبصرة ببليوجرافية | |
| تبصرة ببليوجرافية,الخ | Includes bibliographical references and index. |
| 505 0# - تبصرة محتويات-الفهرس | |
| تبصرة المحتويات المصاغة | Describing one medium through another -- A seven-step method for developing a creative concept -- The stages of script development -- Describing sight and sound -- Ads and PSAs: copywriting for visual media -- Corporate communications: selling, telling, training, and promoting -- Documentary and nonfiction narrative -- Dramatic structure and form -- Writing techniques for long-form scripts -- Television series, sitcoms, and soaps -- Writing and interactive design -- Writing for interactive communications -- Writing for interactive entertainment -- Writing for mobile media -- You can get paid to do this. |
| 650 #0 - المدخل الاضافى بالموضوع-مصطلح موضوعى | |
| مصطلح موضوعي أو اسم جغرافي كعنصر مدخل | Mass media |
| التقسيم الفرعي العام | Authorship. |
| 9 (RLIN) | 8673 |
| 650 #0 - المدخل الاضافى بالموضوع-مصطلح موضوعى | |
| مصطلح موضوعي أو اسم جغرافي كعنصر مدخل | Visual communication. |
| 9 (RLIN) | 15181 |
| 942 ## - عناصر المدخل الإضافي( كوها) | |
| مصدر التصنيف او مخطط الترفيف | Dewey Decimal Classification |
| Koha [default] item type | كتاب |
| حالة الفقد | نموذج السعر الفعال | حالة تلف | ليس للاعارة | رقم الطلب | تاريخ الاكتساب | الموقع الحالي | الباركود | الفرع الرئيسي | Date last seen | نوع المادة فى نظام كوها | مصدر التصنيف او خطة الترفيف | Total Checkouts |
|---|---|---|---|---|---|---|---|---|---|---|---|---|
| 2013-03-10 | 808.066302 F A W | 2012-05-30 | المكتبة المركزية بالمجمعة (CL) | 1004000000050 | المكتبة المركزية بالمجمعة (CL) | 2013-03-10 | كتاب | Dewey Decimal Classification | ||||
| 2013-03-10 | 808.066302 F A W | 2012-05-30 | المكتبة المركزية بالمجمعة (CL) | 1004000000049 | المكتبة المركزية بالمجمعة (CL) | 2013-03-10 | كتاب | Dewey Decimal Classification |
